[Event "Mittelrhein Verbandsliga-O 16/17"]
[Site "Nordrheinwestfalen"]
[Date "2017.04.30"]
[Round "11.7"]
[White "Schumacher, Patrick"]
[Black "Weber, Meikel"]
[Result "0-1"]
[WhiteElo "1463"]
[BlackElo "1977"]
[PlyCount "44"]
[EventDate "2016.09.11"]
[EventType "team-tourn"]
[EventRounds "11"]
[EventCountry "GER"]
[SourceTitle "EXT 2022"]
[Source "ChessBase"]
[SourceDate "2021.10.06"]
[SourceVersion "1"]
[SourceVersionDate "2021.10.06"]
[SourceQuality "1"]
[WhiteTeam "Bergische SF II"]
[BlackTeam "Bonn Stadtverwaltung"]
[WhiteTeamCountry "GER"]
[BlackTeamCountry "GER"]

1. d4 d5 2. Nd2 Nf6 3. Ngf3 e6 4. c4 c6 5. e3 Bd6 6. Bd3 Nbd7 7. 0-0 0-0 8. Re1 e5 9. b3 e4 10. Qe2 Re8 11. Bc2 exf3 12. gxf3 Nf8 13. Kh1 Bc7 14. e4 Bf4 15. e5 Nh5 16. Rg1 Qh4 17. Nf1 Bxc1 18. Rxc1 Qxd4 19. Ne3 Qxe5 20. Qd3 Nf4 21. Qd2 d4 22. Ng4 Bxg4 0-1